000 00531nam a2200121Ia 4500
008 220620s9999||||xx |||||||||||||| ||und||
100 _aJohanson, Katya||Glow, Hilary
245 0 _aChapter 24 Ethics in audience research
_bBy the book or on the hop?
546 _aEnglish[eng]
650 _aaudience, performance, theatre, dance, opera, music, history, arts management, cultural policy studies, sociology
856 _uhttps://library.oapen.org/bitstream/20.500.12657/53879/1/9781003033226_10.4324_9781003033226-28.pdf
942 _cEB
999 _c34192
_d34192